<?xml version="1.0" encoding="UTF-8"?>
<marc:record xmlns:marc="http://www.loc.gov/MARC21/slim">
   <marc:leader>00000nam a2200000 a 4500</marc:leader>
   <marc:datafield ind1="1" ind2=" " tag="100">
      <marc:subfield code="a">Jacobs, Robert Nelson</marc:subfield>
      <marc:subfield code="4">aut</marc:subfield>
      <marc:subfield code="e">Verfasser/-in</marc:subfield>
   </marc:datafield>
   <marc:datafield ind1="1" ind2=" " tag="100">
      <marc:subfield code="a">King-Smith, Ronald Gordon</marc:subfield>
      <marc:subfield code="4">aut</marc:subfield>
      <marc:subfield code="e">Verfasser/-in</marc:subfield>
   </marc:datafield>
   <marc:datafield ind1="1" ind2=" " tag="100">
      <marc:subfield code="a">Russel, Jay</marc:subfield>
      <marc:subfield code="4">ctb</marc:subfield>
      <marc:subfield code="e">Mitwirkende/-r</marc:subfield>
   </marc:datafield>
   <marc:datafield ind1=" " ind2=" " tag="653">
      <marc:subfield code="a">DVD-ROM</marc:subfield>
   </marc:datafield>
   <marc:datafield ind1="0" ind2="0" tag="245">
      <marc:subfield code="a">Mein Freund, der Wasserdrache (DVD)</marc:subfield>
   </marc:datafield>
   <marc:datafield ind1="0" ind2="0" tag="245">
      <marc:subfield code="c">Robert Nelson Jacobs ; Ronald Gordon King-Smith</marc:subfield>
   </marc:datafield>
   <marc:datafield ind1=" " ind2="1" tag="264">
      <marc:subfield code="a">Hamburg</marc:subfield>
      <marc:subfield code="b">Oetinger Media GmbH</marc:subfield>
   </marc:datafield>
   <marc:datafield ind1="1" ind2=" " tag="520">
      <marc:subfield code="a">Angaben aus der Verlagsmeldung

Mein Freund, der Wasserdrache (DVD) / von Robert Nelson Jacobs, Ronald Gordon King-Smith

Die Legende um Loch Ness Ein zauberhaftes Fantasy-Familienabenteuer Schottland zur Zeit des 2. Weltkriegs: Beim Muschelsuchen am Ufer eines Sees findet Angus einen merkwürdigen Stein. Zu Hause entpuppt er sich als Ei, aus dem am nächsten Morgen ein kleiner Drache schlüpft. Angus‘ kleiner Spielkamerad, den er „Crusoe“ nennt, wächst zu einem riesigen Wasserdrachen heran. Um ihn zu schützen, bringt Angus ihn an den See zurück, doch auch dort droht Gefahr, denn Crusoe bleibt nicht lange unentdeckt. Anrührende Freundschaftsgeschichte von einem starken Team: Produzent („Die Chroniken von Narnia“), special-effects-Team („Herr der Ringe“), Autor (Schweinchen Babe“). Umfangreiches Bonusmaterial mit Dokumentationen, Making-of, Informationen zu den special effects u.v.m. Technische Daten: - Realfilm Farbe - Laufzeit: ca. 107 Minuten - Bild: 16:9 Widescreen (2,4:1) - Ton: 5.1 Dolby Digital - Sprache: Deutsch, Englisch - Untertitel: Deutsch, Englisch, Türkisch Extras: - Entfallende Szenen - Dokumentationen: Mythen und Legenden, Die Geschichte, Die Darsteller, Dreharbeiten im Wasser, Crusoe - Ein Wasserdrache wird geschaffen
</marc:subfield>
   </marc:datafield>
   <marc:datafield ind1=" " ind2=" " tag="041">
      <marc:subfield code="a">ger</marc:subfield>
   </marc:datafield>
   <marc:datafield ind1=" " ind2=" " tag="300">
      <marc:subfield code="a">DVDs</marc:subfield>
   </marc:datafield>
</marc:record>
